000
00304nam a22001217a 4500
008
180424b xxu||||| |||| 00| 0 eng d
041
_a
eng
080
_a
043.3
100
_a
0
101
_a
MBE-BA
245
_a
Krahasimi i Strategjive te Marketingut ne Korporatat e Kosoves
_c
Gashi, A
942
_2
udc
_c
BK
999
_c
45478
_d
45478